The Secrets of Other Peoples Jobs / (Record no. 186240)

000 -LEADER
fixed length control field 00944 a2200169 4500
003 - CONTROL NUMBER IDENTIFIER
control field Nust
005 - DATE AND TIME OF LATEST TRANSACTION
control field 20230130133213.0
040 ## - CATALOGING SOURCE
Transcribing agency Nust
082 ## - DEWEY DECIMAL CLASSIFICATION NUMBER
Classification number 909.81,THE
245 ## - TITLE STATEMENT
Title The Secrets of Other Peoples Jobs /
Statement of responsibility, etc. Long Acre
250 ## - EDITION STATEMENT
Edition statement Industial Revolution
260 ## - PUBLICATION, DISTRIBUTION, ETC.
Place of publication, distribution, etc. London
Name of publisher, distributor, etc. Odhams Press
300 ## - PHYSICAL DESCRIPTION
Extent 256:p
505 ## - FORMATTED CONTENTS NOTE
Formatted contents note Our Ships and the Men Who Build Them (Page-4), Coal Mining and Miners To-Day (Page-24), Iron and Steel (Page-46), Workers in Iron and Steel (Page-66), Behind the Scenes in Our Aircraft (Page-80), How Tanks Are Made in Peace and War (Page-96), Glass Craftsmanship (Page-112), How The Potter Works (Page-128), Wool From Fleece to fabric (Page-142), The Story of Cotton (Page-156), The Romance of Rayon (Page-172), Power and Heat For Home and Factory (Page-184), Back to the Land (Page-202), Building Progress (Page-220), The Printed Word (Page-236).
650 ## - SUBJECT ADDED ENTRY--TOPICAL TERM
Topical term or geographic name entry element Industrial revplution
9 (RLIN) 108065
942 ## - ADDED ENTRY ELEMENTS (KOHA)
Source of classification or shelving scheme
Koha item type Book
Holdings
Withdrawn status Lost status Source of classification or shelving scheme Damaged status Not for loan Permanent Location Current Location Shelving location Date acquired Full call number Barcode Date last seen Price effective from Koha item type Public note
          Military College of Signals (MCS) Military College of Signals (MCS) General Stacks 12/12/2016 909.81,THE MCS30005 12/08/2016 12/12/2016 Book Almirah No.58, Shelf No.5
© 2023 Central Library, National University of Sciences and Technology. All Rights Reserved.